| 000 | 00322nam a2200133 a 4500 | ||
|---|---|---|---|
| 001 | 5008 | ||
| 003 | CDMR | ||
| 005 | 20130116135303.0 | ||
| 008 | 130130s1989||||||||||||||||||||||||||||d | ||
| 040 |
_aCDMR _bcat _cCDMR |
||
| 245 | 3 | _aLa ciutat i la comunicació | |
| 260 |
_aBarcelona _c1989 _bAjuntament de Barcelona |
||
| 942 | _cMON | ||
| 999 |
_c5008 _d5008 |
||